Soria, la gloria de España - letra - Estadísticas

Estadísticas generales
  • Esta prueba ha sido intentada 12 veces
  • La puntuación promedio es 114 de 182
Estadísticas de respuestas
Hint Respuesta % Correcto
Soria
100%
de
86%
es
86%
España!
86%
España
86%
gloria
86%
la
86%
a
71%
desde
71%
el
71%
El
71%
en
71%
eres
71%
eso
71%
las
71%
los
71%
Por
71%
y
71%
admiraron
57%
al
57%
bonitas
57%
compás
57%
con
57%
cuando
57%
del
57%
dijeron
57%
Duero
57%
encantos
57%
extraña
57%
fiestas
57%
fin
57%
forasteros
57%
iluminan
57%
linda
57%
llegados
57%
lo
57%
Mayor
57%
mujeres
57%
orquestas
57%
Para
57%
placeres
57%
Plaza
57%
pregón
57%
presta
57%
que
57%
sanjuaneras
57%
se
57%
seguir
57%
si
57%
sin
57%
suena
57%
tierra
57%
toda
57%
tradición
57%
trompetería
57%
tus
57%
un
57%
Valonsadero
57%
verbenas
57%
vieron
57%
alegría
43%
Bailas
43%
bueno
43%
Calderas
43%
calle
43%
Collado
43%
como
43%
convencerá
43%
derramando
43%
día
43%
dirás
43%
Domingo
43%
entera
43%
gozar
43%
gusta
43%
juergas
43%
junto
43%
me
43%
no
43%
noche
43%
notas
43%
pregonando
43%
saber
43%
te
43%
tiene
43%
todos
43%
toreria
43%
vamos
43%
van
43%
veras
43%
Ya
43%
después
29%
esplendor
29%
No se encontraron pruebas coincidentes
Distribución de puntuación
Porcentaje de gente con cada puntuación
Porcentaje por número respondido
Historial de tus puntuaciones
No has intentado esta prueba.